Co-Production and Criminal Justice.

Bibliographic Details
Main Author: Johns, Diana.
Other Authors: Flynn, Catherine., Hall, Maggie., Spivakovsky, Claire., Turner, Shelley.
Format: eBook
Language:English
Published: Milton : Taylor & Francis Group, 2022.
Edition:1st ed.
Series:Criminology in Focus Series
Subjects:
Online Access:Click to View
LEADER 02208nam a22004333i 4500
001 EBC7069481
003 MiAaPQ
005 20231204023226.0
006 m o d |
007 cr cnu||||||||
008 231204s2022 xx o ||||0 eng d
020 |a 9781000620467  |q (electronic bk.) 
020 |z 9780367349028 
035 |a (MiAaPQ)EBC7069481 
035 |a (Au-PeEL)EBL7069481 
035 |a (OCoLC)1338836797 
040 |a MiAaPQ  |b eng  |e rda  |e pn  |c MiAaPQ  |d MiAaPQ 
100 1 |a Johns, Diana. 
245 1 0 |a Co-Production and Criminal Justice. 
250 |a 1st ed. 
264 1 |a Milton :  |b Taylor & Francis Group,  |c 2022. 
264 4 |c Ã2023. 
300 |a 1 online resource (161 pages) 
336 |a text  |b txt  |2 rdacontent 
337 |a computer  |b c  |2 rdamedia 
338 |a online resource  |b cr  |2 rdacarrier 
490 1 |a Criminology in Focus Series 
505 0 |a Cover -- Half Title -- Series Page -- Title Page -- Copyright Page -- Dedication -- Table of Contents -- Preface -- Acknowledgements -- Part 1 -- Chapter 1 Co-production and criminal justice -- Chapter 2 Power, hierarchy, and ways of knowing -- Part 2 -- Chapter 3 User Voice prison councils -- Chapter 4 Co-production with criminalised women -- Chapter 5 Practitioner perspectives on co-production -- Chapter 6 Keeping on Country -- Part 3 -- Chapter 7 The whats and what-ifs of co-production -- Chapter 8 Now what? -- Appendix: Our approach to analysing the case studies -- Index. 
588 |a Description based on publisher supplied metadata and other sources. 
590 |a Electronic reproduction. Ann Arbor, Michigan : ProQuest Ebook Central, 2023. Available via World Wide Web. Access may be limited to ProQuest Ebook Central affiliated libraries.  
655 4 |a Electronic books. 
700 1 |a Flynn, Catherine. 
700 1 |a Hall, Maggie. 
700 1 |a Spivakovsky, Claire. 
700 1 |a Turner, Shelley. 
776 0 8 |i Print version:  |a Johns, Diana  |t Co-Production and Criminal Justice  |d Milton : Taylor & Francis Group,c2022  |z 9780367349028 
797 2 |a ProQuest (Firm) 
830 0 |a Criminology in Focus Series 
856 4 0 |u https://ebookcentral.proquest.com/lib/matrademy/detail.action?docID=7069481  |z Click to View